| 000 | 01075nam a22002777a 4500 | ||
|---|---|---|---|
| 001 | BD-DhSAU 9278 | ||
| 003 | BD-DhSAU | ||
| 005 | 20260405130307.0 | ||
| 008 | 260405b2018 bg a|||| m||| 00| 0 eng d | ||
| 040 | _aBD-DhSAU | ||
| 082 |
_222 _a660.6 _bL944 |
||
| 100 |
_aAKTER, LOVELY _eRegistration # 22010122 |
||
| 245 |
_aIn vitro regeneration of aglaonema
(aglaonema commutatum) in different tissue
culture media /
_bMS thesis |
||
| 260 |
_aSher-e-Bangla Agricultural University : _bDepartment of Biotechnology, _c2024. |
||
| 300 |
_axiv, 70p. : _bill. ; _c30 cm. |
||
| 500 | _aMS thesis of Department of Biotechnology,, Faculty of Agriculture , Sher-e-Bangla Agricultural University, Dhaka, Bangladesh | ||
| 504 | _aIncludes bibliographical reference. | ||
| 590 | _aNazmul | ||
| 650 | _ain vitro regeneration | ||
| 650 | _aaglaonema (aglaonema commutatum) | ||
| 651 | _atissue culture media | ||
| 700 |
_aAssist. Prof. Dr. Md. Rafiqul Islam _eSuperviser |
||
| 700 |
_aProf. Dr. Md. Ekramul Hoque _eCo-superviser |
||
| 942 |
_2ddc _cTHESIS |
||
| 999 |
_c18333 _d18332 |
||